La canción del pulque /
Salvato in:
| Autore principale: | |
|---|---|
| Altri autori: | , , , , , |
| Natura: | |
| Lingua: | spagnolo |
| Pubblicazione: |
México :
Centro de Capacitación Cinematográfica,
2003, c2003
|
| Soggetti: | |
| Tags: |
Nessun Tag, puoi essere il primo ad aggiungerne!!
|
MARC
| LEADER | 00000ngm^a2200000^a^4500 | ||
|---|---|---|---|
| 001 | 000311353 | ||
| 005 | 20250521000000.0 | ||
| 009 | 20260310113043.426 | ||
| 037 | |a Acervo ITESO - Biblioteca | ||
| 041 | |a ESP | ||
| 082 | |a 306. 40972532 |b GON | ||
| 100 | |a González, Everardo |e (realización) | ||
| 245 | 1 | 3 | |a La canción del pulque / |c Realización de E. González. |
| 264 | 4 | |a México : |b Centro de Capacitación Cinematográfica, |c 2003, c2003 | |
| 264 | 2 | |a México : |b Prodisc [distribución], |c copyright fecha no identificada | |
| 300 | |a 1 DVD sin dato de región |c (60 min.) | ||
| 336 | |a imagen móvil bidimensional |b tdi |2 rdacontenido | ||
| 337 | |a video |b v |2 rdamedio | ||
| 338 | |a videodisco |b vd |2 rdasoporte | ||
| 585 | |a Ambulante: Gira de Documentales (1ª: 2006): Participante seción oficial | ||
| 586 | |a Premio Ariel, de la Academia Mexicana de Cine (46°: 2004): Mejor Largometraje Documental (ganador) | ||
| 586 | |a Premio Ariel, de la Academia Mexicana de Cine (46°: 2004): Mejor Opera Prima (finalista) | ||
| 649 | |a XX | ||
| 650 | |a Documentales | ||
| 650 | |a Opera Prima | ||
| 650 | |a Cine Mexicano - |y 2000-2009 | ||
| 650 | |a Cine Mexicano - |y Siglo XXI | ||
| 650 | |a Pulque - |z México (Ciudad) - |x Aspectos Sociales y Culturales - |x Tema Principal | ||
| 650 | |a Alimentos y Bebidas - |z México (Ciudad) - |x Aspectos Sociales y Culturales | ||
| 650 | |a Prácticas Culturales - |z México (Ciudad) | ||
| 650 | |a Identidad Cultural - |z México (Ciudad) | ||
| 650 | |a Cultura Popular - |z México (Ciudad) | ||
| 650 | |a Cultura Urbana - |z México (Ciudad) | ||
| 650 | |a Identidad Cultural - |z México | ||
| 650 | |a México (Ciudad) - |x Condiciones Sociales y Culturales | ||
| 650 | |a México - |x Condiciones Sociales y Culturales | ||
| 650 | |a Sociología | ||
| 700 | |a Bustamante, Edgardo |e (investigación) | ||
| 700 | |a González, Everardo |e (investigación) | ||
| 700 | |a González, Everardo |e (fotógrafo) | ||
| 700 | |a Boege, Martín |e (fotógrafo) | ||
| 700 | |a Guzmán, Alejandro |e (fotógrafo) | ||
| 700 | |a Figueroa, Juan Manuel |e (montaje) | ||
| 910 | |a Fondo General | ||
| 920 | |a Audiovisuales - DVDs | ||
| 940 | |a Películas | ||
| 905 | |a 302 | ||
| 901 | |a 0500172286 |b IT2 |c DVS |i C117212 |u 20250521 | ||
| 902 | |a https://opac.biblio.iteso.mx/vufind/Record/000311353 | ||